000 00212nam a2200085Ia 4500
008 250605s9999 xx 000 0 und d
041 _aeng
100 _aVagisha Singh
245 _aVolvo Eicher Commercial Vehicles Ltd.
999 _c46429
_d46429